Aspects of financing state plans (with special reference to Punjab) (Record no. 19023)

000 -LEADER
fixed length control field 00402pab a2200157 454500
008 - FIXED-LENGTH DATA ELEMENTS--GENERAL INFORMATION
fixed length control field 180718b1984 xxu||||| |||| 00| 0 eng d
100 ## - MAIN ENTRY--PERSONAL NAME
Personal name Dhesi, Autar S.
245 ## - TITLE STATEMENT
Title Aspects of financing state plans (with special reference to Punjab)
260 ## - PUBLICATION, DISTRIBUTION, ETC.
Date of publication, distribution, etc. 1984
300 ## - PHYSICAL DESCRIPTION
Extent 31-43
362 ## - DATES OF PUBLICATION AND/OR SEQUENTIAL DESIGNATION
Dates of publication and/or sequential designation Apr.
650 ## - SUBJECT ADDED ENTRY--TOPICAL TERM
Topical term or geographic name entry element Taxation - India - Punjab
700 ## - ADDED ENTRY--PERSONAL NAME
Personal name B.S. Ghuman
773 ## - HOST ITEM ENTRY
Main entry heading Margin
909 ## -
-- 19023
Holdings
Withdrawn status Lost status Damaged status Not for loan Permanent Location Current Location Date acquired Serial Enumeration / chronology Barcode Date last seen Price effective from Koha item type
        Indian Institute of Public Administration Indian Institute of Public Administration 2018-07-19 Volume no: 16, Issue no: 3 AR19086 2018-07-19 2018-07-19 Articles

Powered by Koha